Score 0/25 Timer 05:00
0 Plays Today
Resolution/Year Country % Correct
R-678/1990Iraq/Kuwait
92.1%
R-1546/2004Iraq
90.9%
R-84/1950Korea
78%
R-350/1973Israel/Syria
77%
R-341/1973Israel/Lebanon
71.9%
R-425/1978Israel/Lebanon
71.9%
R-1973/2011Libya
71.2%
R-740/1992Yugoslavia
71.1%
R-794/1992Somalia
61.4%
R-1838/2008Somalia
61.4%
R-1590/2005Sudan
59.6%
R-872/1993Rwanda
55.9%
R-1320/2000Ethiopia/Eritrea
46%
Resolution/Year Country % Correct
R-1501/2003Dem. Rep. of Congo
43.4%
R-717/1991Cambodia
36.2%
R-1264/1999East Timor
33.4%
R-504/1982Chad
33%
R-940/1994Haiti
29.1%
R-1497/2003Liberia
29.1%
R-1529/2004Haiti
29.1%
R-1375/2001Burundi
23%
R-1545/2004Burundi
23%
R-898/1994Mozambique
19.2%
R-187/1964Cyprus
17.7%
R-1101/1997Albania
16.1%
Remove Ads.
Support Sporcle.
Get the best of Sporcle when you Go Orange. This ad-free experience offers more features, more stats, and more fun while also helping to support Sporcle. Thank you for becoming a member.

You're not logged in!

Compare scores with friends on all Sporcle quizzes.
OR
Log In

Show Comments

Extras

Top Quizzes Today


Score Distribution

Your Account Isn't Verified!

In order to create a playlist on Sporcle, you need to verify the email address you used during registration. Go to your Sporcle Settings to finish the process.

Report this User

Report this user for behavior that violates our Community Guidelines.

Details: